Anagrammes personnages Game of Thrones - Statistiques

Statistiques générales
  • Ce quiz a été pris 231 fois
  • Le résultat moyen est 11 sur 20
Statistiques - réponses
Letters Personnage % Correct
b b r o r s t a k Robb Stark
98%
a o g k h l d r o Khal Drogo
87%
s a r y v Varys
85%
n j o s o w n Jon Snow
80%
r e g a y r a t d a n y e s n e r Daenerys Targaryen
79%
s i a n m d e i s Missandei
73%
e i s r t n a n e l c s e r i Cersei Lannister
64%
a s n a r k t a s s Sansa Stark
62%
r a b o n e b r e t a r t o t Robert Baratheon
61%
t a n n s i w l e r y i n t Tywin Lannister
61%
l r m a s e t a w l y Samwell Tarly
58%
r e n a i l m s é d Mélisandre
52%
s r g i v e r i Ver Gris
48%
h n j a q a r ' e g h Jaqen H'ghar
38%
n e e b t i r e n d r o t h Brienne de Torth
36%
d r a k r e t a r d s Eddard Stark
35%
l e r m t a y g e r y a l Margaery Tyrell
33%
d g y n e r Gendry
32%
e e h n b t r m o a t o a m n Tommen Baratheon
26%
n r g d e c o s a l n e a Sandor Clegane
12%
Aucun quiz correspondant
Distribution des résultats
% des personnes avec chaque résultat
Percentile par nombre de réponses
Votre historique - résultats
Vous n’avez pas pris ce quiz